| 000 | 00820cam a2200277 4500 | ||
|---|---|---|---|
| 008 | 090401t1994 xxu||||| |||| 00| 0 eng d | ||
| 020 | _a0080404863 | ||
| 035 | _a(Sirsi) u32267 | ||
| 041 | _aeng | ||
| 050 | _a333.336 | ||
| 100 | _aPratt, Andy C. | ||
| 245 | _aUneven reproduction: industry, space and society. | ||
| 260 |
_aKidlington, Oxon. _bPergamon _c1994 |
||
| 300 | _axii,236p. : ill.,maps ; 23cm. | ||
| 350 | _a24.95 | ||
| 490 | _aPolicy, Planning and Critical Theory | ||
| 520 | _aIncludes chapters on the industrial built environment in Cornwall. | ||
| 650 | _aBUILT ENVIRONMENT | ||
| 650 | _aCORNWALL | ||
| 650 | _aINDUSTRIAL DEVELOPMENT | ||
| 650 | _aINDUSTRIAL ESTATES | ||
| 650 | _aINDUSTRIAL PROPERTY | ||
| 690 | _aPROPERTY-COMMERCIAL PROPERTY | ||
| 942 | _n0 | ||
| 948 | _c04/03/1997 | ||
| 999 |
_c89704 _d89704 |
||